000 00597cam a2200205 a 4500
001 12604103
005 20250226194813.0
008 011130s2003 njua b 001 0 eng
020 _a0130613053
050 0 0 _aBF637.C6
_bG5334 2003
082 0 0 _a158/.35
_221
100 1 _aGladding, Samuel T.
245 1 0 _aGroup work :
_ba counseling specialty /
_cSamuel T. Gladding.
250 _a4th ed.
260 _aUpper Saddle River, N.J. :
_bMerrill Prentice Hall,
_cc2003.
300 _axxi, 537 p. :
_bill. ;
_c25 cm.
500 _aIncludes Index
650 0 _aGroup counseling.
942 _2lcc
_cBK
_n0
999 _c4393
_d4393